Soldier
| Main Author: | |
|---|---|
| Format: | Book |
| Published: |
London :
Franklin Watts ,
1988
|
| Subjects: |
MARC
| LEADER | 00000cam a2200000 7i4500 | ||
|---|---|---|---|
| 001 | 0000003376 | ||
| 002 | 000003643 | ||
| 005 | 20000330.0 | ||
| 020 | |a 0863137172 | ||
| 090 | 0 | 0 | |a J 331.702 |b WOO |
| 100 | 1 | |a Wood, Tim | |
| 245 | 1 | 0 | |a Soldier |c Tim Wood |
| 260 | |a London : |b Franklin Watts , |c 1988 | ||
| 300 | |a 29p. ; |c 22cm. | ||
| 650 | 0 | 0 | |a Army-Military Life Soldiers |
| 999 | |a 036929 |b BUKU |c PINJAMAN |e PERPUSTAKAAN KOMUNITI PETALING JAYA | ||